5HLuxD.jpg

KING HENRY VIII SENIOR AND PRIMARY SCHOOL LIBRARY OPAC

Effective academic writing 2 : (Record no. 264)

000 -LEADER
fixed length control field 00955cam a2200289La 4500
001 - CONTROL NUMBER
control field 864811965
003 - CONTROL NUMBER IDENTIFIER
control field OCoLC
005 - DATE AND TIME OF LATEST TRANSACTION
control field 20190805082051.0
008 - FIXED-LENGTH DATA ELEMENTS--GENERAL INFORMATION
fixed length control field 120803s2012 nyua 000 0 eng
020 ## - INTERNATIONAL STANDARD BOOK NUMBER
International Standard Book Number 9780194323475 (pbk.)
020 ## - INTERNATIONAL STANDARD BOOK NUMBER
International Standard Book Number 0194323471 (pbk.)
035 ## - SYSTEM CONTROL NUMBER
System control number (OCoLC)864811965
040 ## - CATALOGING SOURCE
Original cataloging agency Nz
Language of cataloging eng
Transcribing agency NZAUC
049 ## - LOCAL HOLDINGS (OCLC)
Holding library NYPP
082 ## - DEWEY DECIMAL CLASSIFICATION NUMBER
Classification number 428.24 SAV
100 1# - MAIN ENTRY--PERSONAL NAME
Personal name Savage, Alice,
Dates associated with a name 1962-
Relator term author
245 10 - TITLE STATEMENT
Title Effective academic writing 2 :
Remainder of title the short essay /
Statement of responsibility, etc. Alice Savage, Patricia Mayer.
250 ## - EDITION STATEMENT
Edition statement 2nd ed.
260 ## - PUBLICATION, DISTRIBUTION, ETC.
Place of publication, distribution, etc. New York :
Name of publisher, distributor, etc. Oxford University Press,
Date of publication, distribution, etc. 2012.
300 ## - PHYSICAL DESCRIPTION
Extent p. :
Other physical details ill. (some col.) ;
Dimensions 28 cm.
490 ## - SERIES STATEMENT
Series statement Effective academic writing
Volume/sequential designation 2
500 ## - GENERAL NOTE
General note "Includes student online access code"--Cover.
650 #0 - SUBJECT ADDED ENTRY--TOPICAL TERM
Topical term or geographic name entry element English language
General subdivision Rhetoric
Form subdivision Problems, exercises, etc.
650 #0 - SUBJECT ADDED ENTRY--TOPICAL TERM
Topical term or geographic name entry element Essay
General subdivision Authorship
Form subdivision Problems, exercises, etc.
650 #0 - SUBJECT ADDED ENTRY--TOPICAL TERM
Topical term or geographic name entry element Report writing
Form subdivision Problems, exercises, etc.
942 ## - ADDED ENTRY ELEMENTS (KOHA)
Source of classification or shelving scheme
Koha item type Books - Non Ficton
Holdings
Withdrawn status Lost status Source of classification or shelving scheme Damaged status Not for loan Collection code Permanent Location Current Location Shelving location Date acquired Full call number Barcode Date last seen Price effective from Koha item type
          Non-Fiction KH8 Senior School Library KH8 Senior School Library Non Fiction 2019-08-05 428.24 SAV 3KHSL000100011 2019-08-05 2019-08-05 Books - Non Ficton

Powered By KH8 IT Dept